01240nam a2200241Ia 4500001000600000003000900006008004100015040001300056040001300069041001300082100002500095100002900120245004200149245004200191250001100233260002100244260001200265260004900277300005700326500055100383650003300934650003100967F6970IT-RoPAU130308s9999 xx 000 0 und d aIT-RoPAU cIT-RoPAU aITALIANO aBettetini Gianfranco gCodice Aut. SPICS: 9215 aElena del chip. L'apocalisse virtuale bElena del Chip. L'Apocalisse Virtuale a1a ed. aCARNAGO (VARESE) bSugarco c1995 [1° Ed.:1995 - Ed.Ling.Originale:1995] a"160 p. (prefazione: no ; testo: 160 [pagine: 0-0])" aRomanzo Breve, in Cui la Struttura del Giallo, che ne Caratterizza Soprattutto la Prima Parte, si Scioglie e si Sfuma in quella del mistero E, Apparentemente, del Paranormale. La Novità Consiste nel Fatto che Tutta la Tramasi Dipana nell'Ambito delle nuove tecnologie e delle Loro conseguenze psichiche e Sociali. Realistica e progettuale Visitazione dei luoghi Personali e Sociali Costruiti Dall'Avvento e Dalla Diffusione di Quegli Strumenti di rappresentazione e di Comunicazione che Ormai Costituiscono parte integrante del Nostro Ambiente. aTEORIA DELLA MULTIMEDIALITA' eCodice materia Spics: 4253